000 00295nam a22001217a 4500
040 _cHS
082 _a571
100 _aហ៊ីង ធីតា
245 _aរុក្ខសរីរៈវិទ្យា
260 _aRUA
_bហ៊ីង ធីតា
_c2013
300 _a232p;
942 _cKB
999 _c10367
_d10367